| 000 | 00814nac a22001811u 4500 | ||
|---|---|---|---|
| 008 | 080904s1968 ua|||||r|||| 000 0 ara d | ||
| 082 |
_a181.09512 _bش ب ل |
||
| 245 |
_aحكمة الصين : _bدراسة تحليلية لمعالم الفكر الصيني منذ أقدم العصور / _cفؤاد محمد شبل |
||
| 260 |
_aالقاهرة : _bدار المعارف ،1968 _c1968 |
||
| 300 |
_a1 مج ؛ _c24 سم. |
||
| 490 |
_916205 _a؛ مكتبة الدراسات الفلسفية _n388 |
||
| 504 | _aببليوجرافية الجزء الأول: ص368-369 | ||
| 504 | _aببليوجرافية الجزء الثانى: ص396-398 | ||
| 511 | _aCatalogued by: Sara | ||
| 541 |
_aالف باء؛ _cشراء؛ |
||
| 650 |
_aالكونفوشية (فلسفة) _916342 |
||
| 942 |
_cBB _k181.09512ش ب ل _2ddc |
||
| 999 |
_c7038 _d7038 |
||